MDQL
is popping MORE tags! Check the
thread
!
Quizzes
Events
Quiz Creation
Community
Videos
Private Events
Remove Ads
Sign In
Join for FREE
Feedback
Dark Mode
Quiz Categories
Sports
Geography
Music
Movies
Television
Just For Fun
Miscellaneous
History
Literature
Language
Science
Gaming
Entertainment
Religion
Holiday
For Kids
Quiz Lab
Recent
Popular Today
Quiz Kudos Today
Editor Picks
Curator Picks
Quizzes by...
Day
Popularity
Type
Ratings
Length
Year
Community
Subscriptions
Recent Discussions
Orange Saloon
Badges
Playlists
Quests
Create
Leaderboards
Showdown
Live 5
Trivia Bingo
Activity
Puzzle Library
Sporcle Events
Private Events
Virtual Trivia
Globe League
Become a Host
Pub Owners
SporcleCon
Opinionation
Our Games
Videos
Blog
Mobile Apps
Partnerships
Remove Ads and Go Orange
Feedback
Movies
Disney
Marvel Cinematic Universe
Movie Resume
Movie Titles
Oscar
Actor
Actress
Director
Pixar
Role
Movie Quotes
Movie Characters
Box Office
Nominee
Best Picture
Star Wars
James Bond
Horror Movies
Movies
Disney
Marvel Cinematic Universe
Movie Resume
Movie Titles
Oscar
Actor
Actress
Director
Pixar
Role
Movie Quotes
Movie Characters
Box Office
Nominee
Best Picture
Star Wars
James Bond
Horror Movies
Random Quiz
Search Sporcle
×
Quiz Lab
Quiz Lab
Movies
Pirates of the Caribbean
Type in answers that appear in a list
Type in answers that appear in a list
Classic
Best Score? Go Orange.
POTC: Summoning The Kraken Stats
Can you name the POTC: Summoning The Kraken
By
Wisdom1786
5m
30 Questions
171 Plays
171 Plays
171 Plays
Comments
Comments
Give Quiz Kudos
Give Quiz Kudos
-
- Ratings
hide this ad
More Info
Replay
Link that replays current quiz
Next Quiz
Link to next quiz in quiz playlist
You Got
0%
They Got
Avg Score
56%
Avg Friend Score
Upgrade to see
Score Distribution
Jump to the score distribution portion of the page
Score
0/30
Timer
05:00
0
Plays Today
Jones Calls
His Monster
% Correct
Kraken
96.5%
The
77.2%
And
77.2%
The
77.2%
Be
66.1%
Be
66.1%
No
62.6%
No
62.6%
Jones:
Let
58.5%
Let
58.5%
Let
58.5%
Man
53.2%
To
53.2%
We
52.6%
Heard
52%
Jones Calls
His Monster
% Correct
Voice
51.5%
Look
51.5%
Joyful
50.9%
Hope
50.3%
Sky
49.7%
Who
49.7%
Up
48.5%
Wake
48.5%
With
47.4%
At
46.8%
By
46.8%
This
45%
Day
45%
Cursed
42.1%
Ready
40.9%
Quiz Playlist
Details
Report
Send in Message
Add To Playlist
More Info:
Can you name the lines Jones uses when he summons the Kraken after confronting Bootstrap?
Classic:
Type in answers that appear in a list
Last Updated: Feb 16, 2017
Quiz Scoreboard
CHALLENGE
Sign Up to Join the Scoreboard
Show All
Scores
Hide
Comments
May contain spoilers
Recently Published
1-10 Letter E Words III
by El_Dandy
Language
2m
Street Fighter Characters
by Artimus82
Gaming
60s
College Basketball Coaching Resumes
by pancakes188
Sports
9m
More to Explore
Quiz From the Vault
Featured Blog Post
Where Did the Easter Bunny Come From?
hide this ad
You Might Also Like...
Tags
Pirates of the Caribbean
Today's Top Quizzes in Movies
Browse Movies
hide this ad
Today's Top Quizzes in Pirates of the Caribbean
Browse Pirates of the Caribbean
Top Contributed Quizzes in Movies
1
Pick 5 Posters: Directed by Spielberg
2
7-to-1: Pixar Characters
3
Hidden Star Wars Character II
4
Hidden Star Wars Character III
5
Pick 5 Posters: Lowest-Rated Spielberg
6
Hidden Star Wars Character IV
7
Sorting Actresses
8
Sorting Actors
9
Hidden Star Wars Character V
10
Pick 5 Posters: Directed by Scorsese
Explore More
Trending Topics
Kpop
Crossword
Harry Potter
Marvel
Anime
NBA
Disney
Puzzle
The Office
Soccer
WWE
Pokémon
Country
NFL
Song
hide this ad
More By:
Wisdom1786
Quiz
Plays
Rating
Category
Featured
Created
Dirty Harry's Speech
15,406
4.70
Movies
Jan 5, 2011
How Well Do You Know Tommy Oliver?
1,410
5.00
Just For Fun
Nov 21, 2014
Jurassic World Survivor or Non-Survivor
1,234
1.89
Movies
Sep 17, 2015
Home Alone 2: Airport Scene
956
5.00
Movies
Dec 24, 2013
Name The That 70s Show Gangs Other Names
810
1.75
Television
Jun 28, 2011
Go to Creator's Profile
Score Distribution
Quiz Creator Spotlight
Wisdom1786
Follow
Send a Message
Quizzes Created
-
Created Quiz Play Count
-
More By This Creator
Popular Quizzes Today
1
Find the US States - No Outlines Minefield
2
Find the Countries of Europe - No Outlines Minefield
3
The Countries of the World
4
Find the US States
5
Risky Map Clicking: Biggest States A-Z
6
US States
7
Popular People in 1961
8
Movies - When Are They Set?
More Movies Quizzes
Missing Presidents in Movie Titles
Published
Trending Quizzes
Risky Map Clicking: Least Populous States A-Z
1-10 Letter G Words
1-10 Letter F Words
Countries of the World: 200 Million BC
Risky Map Clicking: Next State Alphabetically
Recently Updated
Most Oscar Losses (Acting)
pecheneg
Beyoncé Albums
pecheneg
Leaping Animals
pecheneg
Reality TV Shows (A-Z)
bhenderson79
Rickey Henderson's Hall of Fame Teammates
pecheneg
Champions League XIs: Arsenal
pecheneg
Quick Pick: Celebrities in WWE's Hall of Fame
aduchscher
A-Z Keypad Blitz II
pecheneg
Multiple Oscar Actors
pecheneg
Mystery Phrase Blitz: Oscar 'Best Actors'
pecheneg
Trending Topics
Anime
Harry Potter
Disney
Crossword
NBA
Marvel
Kpop
Pokémon
Soccer
Song
WWE
NFL
Puzzle
Country
The Office
Your Account Isn't Verified!
In order to create a playlist on Sporcle, you need to verify the email address you used during registration. Go to your
Sporcle Settings
to finish the process.
Report this User
Report this user for behavior that violates our
Community Guidelines
.
Details:
Send Report
Go to the Sporcle.com Mobile Site →
Comments